LEADER 00858nam0 2200277 450 001 000001891 005 20150330122354.0 010 $a88-207-2988-1 100 $a20001010d1999----km-y0itay50------ba 101 0 $aita 102 $aIT 200 1 $aAppunti antologici sui sistemi giuridici$fFrancesco De Simone 210 $aNapoli$cLiguori$d1999 215 $aVIII, 144 p.$d24 cm 225 2 $aBiblioteca di diritto civile e comparato 410 0$12001$aBiblioteca di diritto civile e comparato 610 1 $aDiritto civile 610 1 $aDiritto comparato 676 $a346 700 1$aDe Simone,$bFrancesco$0358605 801 0$aIT$bUNIPARTHENOPE$gRICA$2UNIMARC 912 $a000001891 951 $a346-A/5$b34009$cNAVA1$d20001011 951 $aD-0102$b34314$cNAVA3 996 $aAppunti antologici sui sistemi giuridici$91223914 997 $aUNIPARTHENOPE LEADER 01220nam 2200385 450 001 9910466537103321 005 20200520144314.0 010 $a1-78785-030-7 010 $a0-8261-1681-7 035 $a(CKB)4100000004974370 035 $a(MiAaPQ)EBC5436780 035 $a(Au-PeEL)EBL5436780 035 $a(OCoLC)1042329734 035 $a(EXLCZ)994100000004974370 100 $a20180718d2019 uy 0 101 0 $aeng 135 $aurcnu|||||||| 181 $ctxt$2rdacontent 182 $cc$2rdamedia 183 $acr$2rdacarrier 200 00$aBehavioral pediatric healthcare for nurse practitioners $ea growth and developmental approach to intercepting abnormal behaviors /$fDonna Hallas, editor 210 1$aNew York, New York :$cSpringer Publishing Company, LLC,$d2019. 215 $a1 online resource (518 pages) 311 $a0-8261-1867-4 320 $aIncludes bibliographical references. 608 $aElectronic books. 676 $a618.92/00231 702 $aHallas$b Donna 801 0$bMiAaPQ 801 1$bMiAaPQ 801 2$bMiAaPQ 906 $aBOOK 912 $a9910466537103321 996 $aBehavioral pediatric healthcare for nurse practitioners$92150897 997 $aUNINA